| Tag |
First Indicator |
Second Indicator |
Subfields |
| LEADER |
00000cam a2200000 4500 |
| 001 |
in00000031882 |
| 005 |
20151007063142.0 |
| 008 |
800402s1904 gw 00000 ger d |
| 035 |
|
|
|a (OCoLC)06160969
|
| 035 |
|
|
|9 AAD6693AM
|
| 040 |
|
|
|a RETROCON/NYGG (YSM)
|c YSM
|d TXA
|d UtOrBLW
|
| 049 |
|
|
|a TXAM
|c [46391]
|
| 090 |
|
|
|a PT2617.O72
|b D3
|
| 092 |
|
|
|a 831
|b H762d
|
| 100 |
1 |
|
|a Holz, Arno,
|d 1863-1929.
|
| 245 |
1 |
0 |
|a Dafnis :
|b lyrisches portrait aus dem 17 jahrhundert.
|
| 264 |
|
1 |
|a Munchen :
|b R. Piper,
|c 1904.
|
| 300 |
|
|
|a 266 pages :
|b frontispiece
|
| 336 |
|
|
|a text
|b txt
|2 rdacontent
|
| 337 |
|
|
|a unmediated
|b n
|2 rdamedia
|
| 338 |
|
|
|a volume
|b nc
|2 rdacarrier
|
| 999 |
|
|
|a MARS
|
| 999 |
f |
f |
|s 0e25c3cc-de3f-3e7e-ab5c-8b7529952f47
|i 93644675-5188-3667-a494-b610f9f45b16
|t 0
|
| 952 |
f |
f |
|p ric
|a Texas A&M University
|b Rellis Campus
|c Joint Library Facility
|d Remote Storage
|t 0
|e PT2617.O72 D3
|h Library of Congress classification
|i unmediated -- volume
|m A14801351257
|
| 998 |
f |
f |
|a PT2617.O72 D3
|t 0
|l Remote Storage
|